03119nam a2200325 a 450000100090000000300040000900500170001300600190003000700150004900800410006402000270010502000150013204000200014708200170016724500780018426000720026230000520033450000900038650400510047650514310052752004330195853301600239165000280255165500220257970000360260170000340263770000250267171000280269685600690272400002062WSP20260416153416.0m d cr cuu|||uu|||091123s1993 si ac sb 001 0 eng d a9789812812117q(ebook) z9810214383 aWSPCbengcWSPC04a541.224222210aFacets of coordination chemistry /cedited by B.V. Agarwala, K.N. Munshi. aSingapore ;aRiver Edge, N.J. :bWorld Scientific Pub. Co.,cc1993. a1 online resource (xiv, 253 p.) :bill., port.  aArticles by the students and colleagues of Arun K. Dey in honor of his 70th birthday. aIncludes bibliographical references and index.0 a1. Introduction: coordination chemistry and its multifacets / B.V. Agarwala and K.N. Munshi -- 2. Coordination chemistry of environment / D.F. Marim -- 3. Retrospective studies on metal complexes as synthetic dioxygen carriers of biological interest / F. Basolo -- 4. Heterometal alkoxides: a novel series of stable polymetallic coordination compounds / R.C. Mehrotra -- 5. Solvent effects on the reactions of coordination complexes / A.C. Dash, R.K. Nanda and S. Aditya -- 6. A simple model for fitting properties of binary mixtures / E. Högfeldt -- 7. Donor-acceptor interactions and structural flexibility of coordination-compounds in solution / W. Linert -- 8. NMR spectroscopy of oriented systems: application to weak molecular complexes / C.L. Khetrapal -- 9. Cyclic voltammetry / R.C. Kapoor -- 10. Chelating polymers / C.-Y. Liu and K.L. Cheng -- 11. Optical resolution of metal complexes by column-chromatography / M. Fujita and Y. Yoshikawa -- 12. Correlation between the composition and structure of transition metal complexes and their R[symbol] values obtained by planar chromatography / G. Vuckovic, Z.L. Tesic and M.B. Celap -- 13. Some designs of polyethers for use in membranes of ion-selective electrodes / J.D.R. Thomas -- 14. Copper proteins and their various roles in biological systems / P.K. Bhattacharya -- 15. Urinary stones, diet and folk medicine / A.K. Banerjee, M.H.A. Akhbari Shad and S.K. Roy. aA concise account of coordination chemistry since its inception is given here together with some of the newer significant facets. This book covers a broad spectrum of various topics on Environment, Cyclic Voltammetry, Chromatography, Metal Complexes of biological interest, Alkoxides, NMR spectroscopy and others. These are useful to the scientific community engaged in the field of Inorganic Chemistry and Analytical Chemistry. aElectronic reproduction.bSingapore :cWorld Scientific Publishing Co.,d1993.nSystem requirements: Adobe Acrobat Reader.nMode of access: World Wide Web. 0aCoordination compounds. 0aElectronic books.1 aAgarwala, B. V.q(Badri Vishal)1 aMunshi, K. N.q(Kailash Nath)1 aDey, Arun K.,d1922-2 aWorld Scientific (Firm)40uhttps://www.worldscientific.com/worldscibooks/10.1142/2062#t=toc